Catalog

Record Details

Catalog Search



Available copies

  • 1 of 1 copy available at LARL/NWRL Consortium. (Show)
  • 1 of 1 copy available at Northwest Regional Library.

Current holds

0 current holds with 1 total copy.

Show Only Available Copies
Location Call Number / Copy Notes Barcode Shelving Location Status Due Date
Thief River Falls Public Library ya ST (Text) 35500004883474 Main Available -

Record details

  • ISBN: 9781595143921 (alk. paper)
  • ISBN: 1595143920 (alk. paper)
  • Physical Description: 259 p. ; 21 cm.
  • Publisher: New York : Razorbill, 2011.

Content descriptions

Summary, etc.:
When sixteen-year-old Dru's worst fears come true ... Read More
Subject: Supernatural > Fiction.
Schools > Fiction.
Psychic ability > Fiction.
Werewolves > Fiction.
Vampires > Fiction.
Orphans > Fiction.
LDR 01622cam a22004098a 4500
001130136
003LARL_NWRL_CONSORTIUM
00520110415132011.0
008110201s2011 nyu d 000 1 eng
010 . ‡a2010054253
020 . ‡a9781595143921 (alk. paper)
020 . ‡a1595143920 (alk. paper)
035 . ‡a(OCoLC)656451823
040 . ‡aDLC ‡cDLC ‡dBTCTA ‡dMCT ‡dVPL
042 . ‡alcac ‡apcc
05000. ‡aPZ7.S77432 ‡bDef 2011
08200. ‡a[Fic] ‡222
1001 . ‡aSt. Crow, Lili. ‡0(LARL_NWRL_CONSORTIUM)199715
24510. ‡aDefiance ‡n#4 / ‡cLili St. Crow.
260 . ‡aNew York : ‡bRazorbill, ‡c2011.
300 . ‡a259 p. ; ‡c21 cm.
4900 . ‡aStrange angels; ‡v4
520 . ‡aWhen sixteen-year-old Dru's worst fears come true and Sergej kidnaps her best friend Graves, she embarks on a suicidal rescue mission in which she will test Christophe's training and try to defeat her mother's betrayer, Anna, for good.
650 1. ‡aSupernatural ‡vFiction. ‡0(LARL_NWRL_CONSORTIUM)167353
650 1. ‡aSchools ‡vFiction. ‡0(LARL_NWRL_CONSORTIUM)167222
650 1. ‡aPsychic ability ‡vFiction. ‡0(LARL_NWRL_CONSORTIUM)166960
650 1. ‡aWerewolves ‡vFiction. ‡0(LARL_NWRL_CONSORTIUM)167924
650 1. ‡aVampires ‡vFiction. ‡0(LARL_NWRL_CONSORTIUM)167805
650 1. ‡aOrphans ‡vFiction. ‡0(LARL_NWRL_CONSORTIUM)166482
948 . ‡hNO HOLDINGS IN LAL - 81 OTHER HOLDINGS
994 . ‡aZ0 ‡bLAL
901 . ‡a130136 ‡bOCLC ‡c130136 ‡tbiblio

Additional Resources